Managing reality (Record no. 107188)

MARC details
000 -LEADER
fixed length control field 00901cam a22002415a 4500
001 - CONTROL NUMBER
control field L138514
008 - FIXED-LENGTH DATA ELEMENTS--GENERAL INFORMATION
fixed length control field 070615s2005 xxk f 001 0 eng d
020 ## - INTERNATIONAL STANDARD BOOK NUMBER
International Standard Book Number 0727733966
035 ## - SYSTEM CONTROL NUMBER
System control number (Sirsi) u138514
041 0# - LANGUAGE CODE
Language code of text/sound track or separate title eng
050 04 - LIBRARY OF CONGRESS CALL NUMBER
Classification number 692.8 $2 18
100 1# - MAIN ENTRY--PERSONAL NAME
Personal name Mitchell, Bronwyn
245 00 - TITLE STATEMENT
Title Managing reality
Remainder of title book 5
-- managing procedures
260 ## - PUBLICATION, DISTRIBUTION, ETC.
Place of publication, distribution, etc. London
Name of publisher, distributor, etc. Thomas Telford Ltd
Date of publication, distribution, etc. 2005
300 ## - PHYSICAL DESCRIPTION
Extent xvi, 70p.
Dimensions 30cm.
350 ## - PRICE (NR) (BK AM CF MU VM SE) [OBSOLETE]
Price 25
505 2# - FORMATTED CONTENTS NOTE
Formatted contents note ECC management: procedures
520 ## - SUMMARY, ETC.
Summary, etc. Fifth of a five part volume on managing the ECC contract brings together all aspects discussed in previous volumes. It gives step by step guidance on how to apply the most commonly used procedures, detailing the actions need by all parties to comply with the contract.
651 #4 - SUBJECT ADDED ENTRY--GEOGRAPHIC NAME
Geographic name United Kingdom
Chronological subdivision
690 ## - LOCAL SUBJECT ADDED ENTRY--TOPICAL TERM (OCLC, RLIN)
Topical term or geographic name as entry element BUILT ENVIRONMENT-BUILDING CONTRACT FORMS
700 1# - ADDED ENTRY--PERSONAL NAME
Personal name Trebes, Barry
942 ## - ADDED ENTRY ELEMENTS (KOHA)
Suppress in OPAC 0
Holdings
Withdrawn status Lost status Source of classification or shelving scheme Damaged status Not for loan Home library Current library Shelving location Date acquired Total Checkouts Full call number Barcode Date last seen Date last checked out Copy number Price effective from Koha item type
    Dewey Decimal Classification     London London Books 21/08/2007 10 F692.8 MIT 30073972 06/08/2019 13/11/2009 1 06/08/2019 Book